000 00333nam a22001457a 4500
008 210310b ||||| |||| 00| 0 eng d
020 _a08008913913
041 _aeng
080 _22nd
_a615.83
082 _22nd
_a615.83
100 _a8
101 _aEGZ
245 _aPhysically Handicapped Children
_cBleck,E.E
942 _2udc
_cBK
999 _c56139
_d56139